书目信息 |
| 题名: |
梦溪笔谈
|
|
| 作者: | 沈括 , 郭超 著 | |
| 分册: | ||
| 出版信息: | 北京 蓝天出版社 2003 |
|
| 页数: | 228页 | |
| 开本: | 19cm | |
| 丛书名: | 中国传统文化经典文库 | |
| 单 册: | ||
| 中图分类: | I264.41 , Z227 | |
| 科图分类: | ||
| 主题词: | 笔记--中国--北宋--选集 , 文史--中国--北宋 , 笔记 , 文史 , 百科全书--中国 | |
| 电子资源: | ||
| ISBN: | 7-80081-834-9 | |
| 000 | 01099oam2 2200361 450 | |
| 001 | 1556024489 | |
| 005 | 20151111104415.51 | |
| 010 | @a7-80081-834-9@dCNY10.00 | |
| 100 | @a20031112d2003 em y0chiy50 ea | |
| 101 | 0 | @achi |
| 102 | @aCN@b220000 | |
| 102 | @aCN@b110000 | |
| 105 | @aa z 000zy | |
| 200 | 1 | @a梦溪笔谈@9meng xi bi tan@e珍藏版@f郭超著@Fguo chao zhu |
| 210 | @a北京@c蓝天出版社@d2003 | |
| 215 | @a228页@c插图@d19cm | |
| 225 | 2 | @a中国传统文化经典文库@e双色图文经典 |
| 308 | @a丛书第三辑 | |
| 330 | @a本书共26卷外加《补笔谈》3卷。分为故事、辩证、乐律、象数、人事、官政、权智、书画、神奇等17个门类,内容涉及历史事件、人物传记等等。 | |
| 461 | 0 | @12001 @a中国传统文化经典文库 |
| 605 | @a梦溪笔谈@x译文 | |
| 605 | @a梦溪笔谈 | |
| 606 | 0 | @a笔记@y中国@z北宋@j选集 |
| 606 | 0 | @a文史@y中国@z北宋 |
| 606 | 0 | @a笔记 |
| 606 | 0 | @a文史 |
| 606 | 0 | @a百科全书@x中国 |
| 690 | @aI264.41@v5 | |
| 690 | @aZ227@v4 | |
| 701 | 0 | @c(宋)@a沈括@9shen kuo@f(1031~1095)@4著 |
| 701 | 0 | @a郭超@Aguo chao@4著 |
| 801 | 0 | @aCN@bTSSF@c20150126 |
| 905 | @aZUCC@dZ227@eJY6:58 | |
| 梦溪笔谈:珍藏版/郭超著.-北京:蓝天出版社,2003 |
| 228页:插图;19cm.-(中国传统文化经典文库:双色图文经典) |
| ISBN 7-80081-834-9:CNY10.00 |
| 本书共26卷外加《补笔谈》3卷。分为故事、辩证、乐律、象数、人事、官政、权智、书画、神奇等17个门类,内容涉及历史事件、人物传记等等。 |
| ● |
| 相关链接 |
|
|
|
|
正题名:梦溪笔谈
索取号:Z227/JY6:58
 
预约/预借
| 序号 | 登录号 | 条形码 | 馆藏地/架位号 | 状态 | 备注 |
| 1 | 7838091 | 278380912 | 学院路分馆/ [索取号:Z227/JY6:58] | 在馆 | |
| 2 | 7838092 | 278380921 | 学院路分馆/ [索取号:Z227/JY6:58] | 在馆 | |
| 3 | 7838093 | 278380930 | 学院路分馆/ [索取号:Z227/JY6:58] | 在馆 |